Malgudi days (Record no. 563)

MARC details
000 -LEADER
fixed length control field 00492 a2200169 4500
001 - CONTROL NUMBER
control field 066518
003 - CONTROL NUMBER IDENTIFIER
control field OSt
005 - DATE AND TIME OF LATEST TRANSACTION
control field 20210930163102.0
008 - FIXED-LENGTH DATA ELEMENTS--GENERAL INFORMATION
fixed length control field
082 ## - DEWEY DECIMAL CLASSIFICATION NUMBER
Classification number 823
Item number N16M
100 1# - MAIN ENTRY--PERSONAL NAME
Personal name Narayan, R.K.
245 1# - TITLE STATEMENT
Title Malgudi days
Statement of responsibility, etc by R.K. Narayan
260 ## - PUBLICATION, DISTRIBUTION, ETC. (IMPRINT)
Place of publication, distribution, etc Chennai
Name of publisher, distributor, etc Indian Thought
Date of publication, distribution, etc 2009
300 ## - PHYSICAL DESCRIPTION
Extent 244p.
690 ## - LOCAL SUBJECT ADDED ENTRY--TOPICAL TERM (OCLC, RLIN)
Topical term or geographic name as entry element Malgudi (India : Imaginary place); India; City and town life; Manners and customs; Short stories, Indic (English)
942 ## - ADDED ENTRY ELEMENTS (KOHA)
Source of classification or shelving scheme Dewey Decimal Classification
Koha item type Books
Holdings
Withdrawn status Lost status Source of classification or shelving scheme Damaged status Not for loan Collection code Home library Current library Date acquired Source of acquisition Cost, normal purchase price Total Checkouts Full call number Barcode Date last seen Date checked out Price effective from Koha item type
    Dewey Decimal Classification     General Text Book Central University Of Rajasthan Central University Of Rajasthan 07/03/2012 ENG 115.00 8 823 N16M 804 16/02/2026 29/01/2026 02/09/2020 Books